[Event "Unterfranken-ch HA 58th"]
[Site "Wuerzburg"]
[Date "2007.04.13"]
[Round "7"]
[White "Rothaug, Juergen"]
[Black "Fellhauer, Claus"]
[Result "1-0"]
[WhiteElo "1564"]
[BlackElo "1484"]
[PlyCount "173"]
[EventDate "2007.04.09"]
[EventType "swiss"]
[EventRounds "9"]
[EventCountry "GER"]
[SourceTitle "EXT 2015"]
[Source "ChessBase"]
[SourceDate "2014.11.20"]
[SourceVersion "1"]
[SourceVersionDate "2014.11.20"]
[SourceQuality "1"]

1. e4 e5 2. Nf3 d6 3. Nc3 c5 4. Bc4 Bg4 5. d3 Nc6 6. Bxf7+ Kd7 7. Bd5 Nd4 8. Nxe5+ dxe5 9. Qxg4+ Kc7 10. Bb3 Nf6 11. Qd1 Rc8 12. Bg5 Kb8 13. Nd5 h6 14. Bxf6 gxf6 15. c3 Nc6 16. 0-0 h5 17. Qf3 Be7 18. Nxe7 Qxe7 19. Qf5 Qg7 20. a4 Rh6 21. h3 Rg6 22. Qf3 Rf8 23. Be6 h4 24. Kh2 Ne7 25. Rg1 Rg5 26. g4 Ng6 27. Qd1 Nf4 28. Bd5 Rd8 29. c4 Qc7 30. a5 Rd6 31. Qd2 Ra6 32. Rgd1 Qd7 33. f3 Rd6 34. b4 Qc7 35. bxc5 Qxc5 36. Rdb1 Rg7 37. Rb5 Qc8 38. Rab1 Rdd7 39. R1b3 Nxd5 40. cxd5 Rc7 41. Rb2 Rc1 42. d6 Rc5 43. Rxc5 Qxc5 44. Qb4 Qe3 45. d7 Qf4+ 46. Kg1 Qe3+ 47. Kg2 Rxg4+ 48. hxg4 h3+ 49. Kh2 Qf4+ 50. Kxh3 Qxf3+ 51. Kh4 Qh1+ 52. Kg3 Qg1+ 53. Rg2 Qe3+ 54. Kh2 Qh6+ 55. Kg1 Qe3+ 56. Rf2 Qg3+ 57. Kh1 Qh3+ 58. Kg1 Qg3+ 59. Kf1 Qxd3+ 60. Ke1 Qe3+ 61. Kd1 Qd3+ 62. Qd2 Qb1+ 63. Ke2 Qxe4+ 64. Kf1 Qh1+ 65. Ke2 Qe4+ 66. Qe3 Qxg4+ 67. Kf1 Qd1+ 68. Kg2 Qg4+ 69. Kh2 Qh4+ 70. Kg1 Qg4+ 71. Kh1 Qd1+ 72. Kh2 Qxd7 73. Rd2 Qh7+ 74. Qh3 Qxh3+ 75. Kxh3 Kc7 76. Rc2+ Kd6 77. Kg4 b6 78. a6 b5 79. Kf5 b4 80. Kxf6 Kd5 81. Rd2+ Kc4 82. Kxe5 b3 83. Rb2 Kc3 84. Rxb3+ Kxb3 85. Kd5 Ka4 86. Kc6 Ka5 87. Kb7 1-0

[Event "Unterfranken-ch HA 56th"]
[Site "Stetten"]
[Date "2005.03.31"]
[Round "7"]
[White "Liebler, Juergen"]
[Black "Rothaug, Juergen"]
[Result "1/2-1/2"]
[WhiteElo "1711"]
[BlackElo "1549"]
[PlyCount "64"]
[EventDate "2005.03.28"]
[EventType "swiss"]
[EventRounds "9"]
[EventCountry "GER"]
[SourceTitle "EXT 2015"]
[Source "ChessBase"]
[SourceDate "2014.11.20"]
[SourceVersion "1"]
[SourceVersionDate "2014.11.20"]
[SourceQuality "1"]

1. e4 e6 2. d4 d5 3. e5 c5 4. c3 cxd4 5. cxd4 Nc6 6. Nf3 Bb4+ 7. Bd2 Bxd2+ 8. Nbxd2 Nge7 9. Be2 0-0 10. 0-0 Qb6 11. Nb3 Nf5 12. g4 Nfe7 13. Rb1 Qd8 14. Kg2 b6 15. a3 Ng6 16. Qd2 Nh4+ 17. Kg3 Nxf3 18. Bxf3 Ba6 19. Rg1 Rc8 20. Na1 Na5 21. b3 Qe7 22. Nc2 Rc7 23. a4 Rfc8 24. Ne3 Bb7 25. Rb2 Qa3 26. Rgb1 Rc3 27. Bd1 Ba6 28. h4 Bd3 29. Bc2 Bxc2 30. Rxc2 Qb4 31. Rcb2 a6 32. Kg2 Qa3 1/2-1/2

[Event "Unterfranken-ch HA 56th"]
[Site "Stetten"]
[Date "2005.03.29"]
[Round "3"]
[White "Rothaug, Juergen"]
[Black "Engelbrecht, Klaus"]
[Result "1/2-1/2"]
[WhiteElo "1549"]
[BlackElo "1334"]
[PlyCount "53"]
[EventDate "2005.03.28"]
[EventType "swiss"]
[EventRounds "9"]
[EventCountry "GER"]
[SourceTitle "EXT 2015"]
[Source "ChessBase"]
[SourceDate "2014.11.20"]
[SourceVersion "1"]
[SourceVersionDate "2014.11.20"]
[SourceQuality "1"]

1. e4 e5 2. Bc4 Nf6 3. Nc3 c6 4. d3 d5 5. exd5 cxd5 6. Bb3 Bb4 7. Bd2 d4 8. Ne4 Bxd2+ 9. Qxd2 Nxe4 10. dxe4 Nc6 11. 0-0-0 Qe7 12. h3 f5 13. exf5 Bxf5 14. g4 Be6 15. Bxe6 Qxe6 16. Kb1 0-0-0 17. Re1 Qd5 18. Ne2 Rhf8 19. Ng3 a5 20. a3 b5 21. Ne4 h6 22. Qd3 Kc7 23. Rd1 b4 24. a4 Rf4 25. f3 Rdf8 26. Rhf1 Qf7 27. Nd2 1/2-1/2

[Event "Unterfranken-ch HA 56th"]
[Site "Stetten"]
[Date "2005.03.28"]
[Round "2"]
[White "Amtmann, Florian"]
[Black "Rothaug, Juergen"]
[Result "1-0"]
[WhiteElo "1770"]
[BlackElo "1549"]
[PlyCount "87"]
[EventDate "2005.03.28"]
[EventType "swiss"]
[EventRounds "9"]
[EventCountry "GER"]
[SourceTitle "EXT 2015"]
[Source "ChessBase"]
[SourceDate "2014.11.20"]
[SourceVersion "1"]
[SourceVersionDate "2014.11.20"]
[SourceQuality "1"]

1. d4 d5 2. c4 Nf6 3. cxd5 Nxd5 4. Nf3 Nc6 5. e4 Nf6 6. Nc3 e6 7. h3 Bb4 8. Bd3 0-0 9. Bc2 b6 10. 0-0 Bb7 11. a3 Bxc3 12. bxc3 Ne7 13. Re1 Rc8 14. Bg5 Nd7 15. Qd3 Qe8 16. e5 Ng6 17. h4 Bxf3 18. gxf3 f5 19. exf6 Nxf6 20. Bb3 Kh8 21. Bxe6 Rd8 22. d5 Rd6 23. h5 Ne7 24. h6 Qg6 25. Qxg6 Nxg6 26. c4 Nh5 27. Bg4 Nf6 28. Be6 Nd7 29. f4 Nc5 30. f5 Nxe6 31. fxe6 gxh6 32. Bxh6 Re8 33. Bd2 c6 34. Bb4 c5 35. Bc3+ Kg8 36. a4 a5 37. Re4 Rdd8 38. Kh2 Rb8 39. Rg1 Kf8 40. Rg3 Ke7 41. Rh3 Nf8 42. Rf4 Kd6 43. Rh5 Rb7 44. Be5+ 1-0